000 01160nam a22002417a 4500
008 100714s2002 xxu||||| |||| 00| 0 ara d
020 _a9770197513
082 _222
_a398.352
_bا س ت
100 1 _916294
_aاستس ، كلاريسابنكولا
245 _aنساء يركضن مع الذئاب :
_bالاتصال بقوى المرأة الوحشية /
_c استس كلاريسابنكولا ؛ ترجمة مصطفى محمود محمد
260 _aالقاهرة :
_bالمجلس الاعلى للثقافة ،
_c2002.
300 _a603 ص ؛
_c24 سم.
490 _916295
504 _aيشتمل على إرجاعات ببليوجرافية
541 _aألف باء ؛
_cشراء ؛
650 _916039
_aالفلكلور
650 _916296
_aالمرأة
_xعلم النفس
650 _916297
_aالمرأة في الادب
650 _916298
_aالادب الشعبي
700 _916293
_aمحمد ، مصطفى محمود
_eترجمة
942 _2ddc
_cBB
999 _c14480
_d14480